000 00538nmm a2200193Ia 4500
008 251105s9999||||xx |||||||||||||||||und||
020 _a9788416854127
041 _aspa
100 _aSittenfeld, Curtis
245 0 _aSin compromiso
264 _a[Madrid, España] :
_bSiruela,
_c2017
300 _a540 páginas
490 _aNuevos tiempos
650 _aNorth American narrative
700 _aSittenfeld, Curtis
700 1 _a Martín Giráldez, Rubén
856 _uhttps://public.digitaliapublishing.com/a/68295
942 _cCF
999 _c71496
_d71496